000 01012nas a2200277 454500
001 23765
005 20260407193506.0
008 260407s1969####ag###########|||spa#d
003 AR-UNSa-BCEJYS
040 _aAR-UNSa-BCEJYS
_bspa
_cAR-UNSa-BCEJYS
080 _a330
_xEconomía en general
245 1 0 _aInforme
_pBoletin del Instituto de Investigaciones Económicas de la Universidad Argentina de la Empresa
264 1 _aBuenos Aires :
_bUniversidad Argentina de la Empresa
_c1969
310 _aFrecuencia: Irregular
942 _cSER
590 _aniveau_biblio:s niveau_hierar:1
100 1 _aUniversidad Argentina de la Empresa. Instituto de Investigaciones Económicas
700 1 _aMartelliti, José Angel
650 _aSector público
650 _aINVERSIONES
650 _aEmpleo
650 _aPolítica económica
650 _aInvestigación económica
650 _aMERCADOS FINANCIEROS
856 4 1 _uhttps://biblioeco.unsa.edu.ar/pmb/images/revistas/Informe.jpg
_yImagen de portada
_qimage/jpeg
999 _c8565
_d8565